000 00736nam a2200229Ia 4500
003 OSt
005 20230516114658.0
008 210423s2010 xx 000 0 und d
020 _a978-0-19-806695-8
040 _cAL
041 _aeng
082 _a338.19 GANL
100 _aGANESH KUMAR (A);ROY (Devesh);GULATI (Ashok)
_9105119
245 _aLiberalizing foodgrains markets: experiences impact and lessons from South Asia
260 _aNew Delhi
_bOxford University Press
_c2010
300 _axxiv,208
_bHB
365 _b765
_cINR
650 _aEconomics
_9105120
650 _aProduction Economics
_9105121
906 _aAsia ; experiences ; foodgrains ; impact ; lessons ; Liberalizing ; markets: ; South
942 _2ddc
_cBK
999 _c166319
_d166319